Ley hipotecaria para las Islas Filipinas / (Registro nro. 146735)

Detalles MARC
000 -LEADER
campo de control de longitud fija 00841nam a2200217 i 4500
001 - NÚMERO DE CONTROL
campo de control 146735
003 - IDENTIFICADOR DE NÚMERO DE CONTROL
campo de control ES-MaACL
005 - FECHA Y HORA DE LA ÚLTIMA TRANSACCIÓN
campo de control 20250811065428.0
007 - CAMPO FIJO DE DESCRIPCIÓN FÍSICA--INFORMACIÓN GENERAL
campo de control de longitud fija t|
008 - DATOS DE LONGITUD FIJA--INFORMACIÓN GENERAL
campo de control de longitud fija 151104s1889 sp ||||1| spa d
245 00 - MENCIÓN DEL TÍTULO
Título Ley hipotecaria para las Islas Filipinas /
Mención de responsabilidad, etc. Ministerio de Ultramar.
250 ## - MENCION DE EDICION
Mención de edición Ed. oficial.
260 ## - PUBLICACIÓN, DISTRIBUCIÓN, ETC.
Lugar de publicación, distribución, etc. [S.l.] :
Nombre del editor, distribuidor, etc. [s.n.],
Fecha de publicación, distribución, etc. 1889 (
Lugar de fabricación/manufactura Madrid :
Fabricante Manuel Minuesa de los Ríos, impresor)
300 ## - DESCRIPCIÓN FÍSICA
Extensión 124 p. ;
Dimensiones 22 cm.
530 ## - NOTA DISPONIBLE DE FORMULARIO FÍSICO ADICIONAL
Nota de formato físico adicional disponible Disponible en formato digital.
650 #4 - PUNTO DE ACCESO ADICIONAL DE MATERIA--TÉRMINO DE MATERIA
Término de materia o nombre geográfico como elemento de entrada Hipotecas-
Subdivisión geográfica Filipinas-
Subdivisión de forma Legislación.
9 (RLIN) 158081
710 1# - ENTRADA AGREGADA--NOMBRE DE ENTIDAD CORPORATIVA
Nombre de entidad corporativa o nombre de jurisdicción como elemento de entrada España.
Título de la obra Ley hipotecaria de las islas Filipinas, 1889
9 (RLIN) 158082
852 ## - LOCALIZACIÓN
Ubicación ES-MaACL
Número de control de estantería T-1268-F-1
Nota libre .- Enc. en un vol. facticio
-- .- Donat. Boch
856 ## - LOCALIZACIÓN Y ACCESO ELECTRÓNICOS
Identificador Uniforme de Recursos <a href="http://bdh-rd.bne.es/viewer.vm?id=0000046636&page=1 ">http://bdh-rd.bne.es/viewer.vm?id=0000046636&page=1 </a>
Nota pública Biblioteca Digital Hispánica
Existencias
Estatus retirado Estado de pérdida Estado de daño No para préstamo Colección Biblioteca de origen Biblioteca actual Ubicación en estantería Fecha de adquisición Fuente de adquisición Total de préstamos Signatura topográfica completa Código de barras Visto por última vez Precio de reemplazo Tipo de ítem Koha
        Colección de folletos Biblioteca del Ateneo de Madrid Biblioteca del Ateneo de Madrid Depósito folletos 04/11/2015     T-1268-F-1 1194428 23/02/2023 23/02/2023 Folleto